000 00525nam a2200169 a 4500
001 000023562
005 20200930022318.0
008 101213s1949 ag a r 000 0 spa d
040 _aDO-SdBNP
_bspa
_cBNPHU
082 _axxxxx
_bC341r
100 1 _aCasona, Alejandro
_944493
245 1 0 _aRetablo jovial :
_bcinco farsas de un acto /
_cAlejandro Casona.
260 _aBuenos Aires, Argentina :
_bLibrería y Editorial el Ateneo,
_c1949.
300 _a178 p. :
_bil. ;
_c21 cm.
700 1 _aMuñoz, Gori
_948570
049 _aBNGR
999 _c23058
_d23058